[Event "ITA-ch Amateur C"]
[Site "Civitanova Marche"]
[Date "2012.07.18"]
[Round "4"]
[White "Marrocco, Dario"]
[Black "Maggiore, Francesco"]
[Result "0-1"]
[WhiteElo "1762"]
[BlackElo "1778"]
[PlyCount "57"]
[EventDate "2012.07.15"]
[EventType "swiss"]
[EventRounds "8"]
[EventCountry "ITA"]
[SourceTitle "EXT 2024"]
[Source "ChessBase"]
[SourceDate "2023.10.10"]
[SourceVersion "1"]
[SourceVersionDate "2023.10.10"]
[SourceQuality "1"]

1. c4 c6 2. Nc3 Nf6 3. g3 d5 4. cxd5 cxd5 5. Bg2 e6 6. d3 Nc6 7. Nf3 d4 8. Nb1 Bb4+ 9. Bd2 0-0 10. Bxb4 Nxb4 11. 0-0 Re8 12. Nbd2 e5 13. a3 Nc6 14. b4 a6 15. Rb1 Be6 16. a4 Nd5 17. Qe1 Nc3 18. Ra1 Nxb4 19. Rc1 Bf5 20. Nb1 Nca2 21. Rc4 Qa5 22. Nfd2 Be6 23. Nb3 Qxa4 24. Nc5 Qb5 25. Na3 Qb6 26. Na4 Qd6 27. Rc5 b5 28. Bxa8 bxa4 29. Nc4 0-1

[Event "Porto Sant Elpidio op-B 12th"]
[Site "Porto Sant Elpidio"]
[Date "2009.11.29"]
[Round "6"]
[White "Splendiani, Sandro"]
[Black "Maggiore, Francesco"]
[Result "0-1"]
[WhiteElo "1440"]
[BlackElo "1723"]
[PlyCount "44"]
[EventDate "2009.11.21"]
[EventType "swiss"]
[EventRounds "6"]
[EventCountry "ITA"]
[SourceTitle "EXT 2024"]
[Source "ChessBase"]
[SourceDate "2023.10.10"]
[SourceVersion "1"]
[SourceVersionDate "2023.10.10"]
[SourceQuality "1"]

1. d4 d5 2. Nf3 Nc6 3. e3 Bg4 4. h3 Bh5 5. Be2 Nf6 6. c3 e6 7. Nbd2 Bd6 8. 0-0 e5 9. dxe5 Nxe5 10. Nxe5 Bxe2 11. Qxe2 Bxe5 12. Qb5+ Qd7 13. Qxb7 0-0 14. Nf3 Bd6 15. b3 a6 16. Nd4 Be5 17. Qb4 Ne4 18. c4 c5 19. Qe1 cxd4 20. exd4 Bxd4 21. Ba3 Rfe8 22. Rd1 Nxf2 0-1